000 00578cam a2200181 4500
001 D5913
008 090401t1976 xxu||||| |||| 00| 0 eng d
035 _a(Sirsi) u75700
041 _aeng
050 _a331.2166
110 _aInstitute of Quantity Surveyors
_92491
245 _aMemorandum and reply by the Institute of Quantity Surveyors to the Inquiry by the Monopolies and Mergers Commission into the supply of surveyors` services in the United Kingdom
260 _aLondon
_bIQS
_c1976
300 _a52 leaves. 30cm
350 _a0
942 _n0
948 _c04/03/1997
999 _c96067
_d96067